| 000 | 00441nam a2200169Ia 4500 | ||
|---|---|---|---|
| 008 | 221030s9999 xx 000 0 und d | ||
| 020 | _a1259062681 | ||
| 041 | _aEnglish | ||
| 100 | _aA. Godbole | ||
| 245 | 0 |
_aWeb Technologies - TCP / IP , Web / Java Programming, & Cloud Computing _cby A. Godbole, A. Kahate |
|
| 250 | _a3rd | ||
| 260 |
_bTMH _aNew Delhi _c2013 |
||
| 300 | _a593 | ||
| 650 | _aIT | ||
| 700 | _aA. Kahate | ||
| 942 | _cBK | ||
| 999 |
_c15488 _d15488 |
||